000 01850nam a22004097a 4500
001 00297
003 DO-SdBNP
005 20180309122805.0
007 00297
008 160504b dr 2008||||| |||| 00| 0 spa d
020 _a9789945112238 (v. 8) Guía
020 _a9789945112399 (v. 8) Cuaderno
020 _a9788482619408 (v. 8) Experimentos
040 _aBPMSU
_bspa
_cBPMSU
092 _a372.257
_bN285e 8vo. 2008
245 _aNaturaleza 8 :
_beducación básica /
_cÁngela Segura ... [et al.] ; dirección editorial Obdulia García de Escobar; editora Claudia Llibre
260 _aSanto Domingo :
_bSantillana,
_c2008
300 _a3 v. :
_bil., retrs.
_c30 cm.
490 1 _aCoral
500 _aLa biblioteca posee guía ; cuaderno y experimento.
505 0 _aUnidad 1. El método científico -- Unidad 2. Salud y enfermedad -- Unidad 3. Nociones de pecuaria -- Unidad 4. El enlace químico -- Unidad 5. El lenguaje de los químicos -- Unidad 6. Reacciones químicas -- Unidad 7. Movimiento y fuerza -- Unidad 8. La energía -- Unidad 9. Energía luminosa -- Unidad 10 . Electricidad y magnetismo -- Unidad 11 . La tecnología en la vida.
650 4 _aCIENCIAS NATURALES
_xEDUCACIÓN PRIMARIA
650 4 _aCIENCIAS NATURALES
_xENSEÑANZA BÁSICA
650 4 _aCIENCIAS NATURALES
_xESTUDIOS Y EJERCICIOS
650 4 _aCIENCIAS NATURALES
_xLIBROS DE TEXTOS
650 4 _aEDUCACIÓN PRIMARIA
_zREPÚBLICA DOMINICANA
700 1 _aSegura, Ángela
700 1 2 _aGarcía de Escobar, Obdulia
_eed.
700 1 2 _aLlibre, Claudia
_eed.
700 1 _aLlibre, Claudia
700 1 _aGarcía de Escobar, Obdulia,
_edir. ed.
830 0 _aCoral
910 _aValidado. Control de validad MFF
942 _2ddc
_cBK
945 _a Remanejado para la BNPHU / 2018 VM
956 _aBTAVÁREZ
999 _c9986
_d9986